Phosphorus fractions and fixation of added P in rubber growing soils of Kerala (Record no. 64893)

MARC details
000 -LEADER
fixed length control field 00576nam a2200205Ia 4500
100 ## - MAIN ENTRY--AUTHOR NAME
Personal name Ulaganathan A
245 #0 - TITLE STATEMENT
Title Phosphorus fractions and fixation of added P in rubber growing soils of Kerala
260 ## - PUBLICATION, DISTRIBUTION, ETC. (IMPRINT)
Name of publisher Natural Rubber Research
Year of publication 2005
300 ## - PHYSICAL DESCRIPTION
Number of Pages 31-37
650 ## - SUBJECT ADDED ENTRY--TOPICAL TERM
Topical Term Phosphorus fixation
650 ## - SUBJECT ADDED ENTRY--TOPICAL TERM
Topical Term Phosphorus fraction
650 ## - SUBJECT ADDED ENTRY--TOPICAL TERM
Topical Term Rubber growing soil
650 ## - SUBJECT ADDED ENTRY--TOPICAL TERM
Topical Term Soil property
700 ## - ADDED ENTRY--PERSONAL NAME
Personal name Ambili K K
700 ## - ADDED ENTRY--PERSONAL NAME
Personal name Karthikakuttyamma M
700 ## - ADDED ENTRY--PERSONAL NAME
Personal name Nair A N S
700 ## - ADDED ENTRY--PERSONAL NAME
Personal name Satisha G C
942 ## - ADDED ENTRY ELEMENTS (KOHA)
Koha item type Journals
Holdings
Withdrawn status Lost status Damaged status Not for loan Home library Current library Shelving location Date acquired Serial Enumeration / chronology Koha item type
      Journals RRII Library RRII Library Agronomy 17/12/2021 Volume 18, Issue 1 Journals